[Event "Criciuma op-B"]
[Site "Criciuma"]
[Date "2024.01.16"]
[Round "7"]
[White "Senger, Maria Clara da Silv"]
[Black "De Assuncao, Victor Emanuel Cost"]
[Result "0-1"]
[WhiteElo "1490"]
[BlackElo "1800"]
[PlyCount "88"]
[EventDate "2024.01.12"]
[EventType "swiss"]
[EventRounds "9"]
[EventCountry "BRA"]
[SourceTitle "CB04_2024"]
[SourceDate "2023.10.16"]
[SourceVersion "1"]
[SourceVersionDate "2023.10.16"]
[SourceQuality "1"]

1. c4 c5 2. Nc3 Nc6 3. Nf3 g6 4. e3 Nf6 5. d4 cxd4 6. exd4 d5 7. Be3 Bg7 8. Be2 0-0 9. 0-0 dxc4 10. Bxc4 Na5 11. Be2 Nd5 12. Bd2 Nc6 13. Be3 a6 14. Rc1 Bf5 15. Qd2 Nxe3 16. fxe3 Qa5 17. a3 Rad8 18. Rfd1 Bh6 19. Kf2 Bg4 20. d5 Bxf3 21. Bxf3 Ne5 22. Qe2 Nxf3 23. Qxf3 Qb6 24. Rc2 e6 25. Rcd2 Bg7 26. d6 Bxc3 27. bxc3 Rd7 28. Qf6 Qc5 29. a4 Rfd8 30. Qd4 Rc8 31. Rd3 e5 32. Qb4 Qxb4 33. cxb4 f6 34. b5 Kf7 35. bxa6 bxa6 36. Rb1 Rc6 37. Rb8 Ke6 38. Re8+ Kf5 39. Rh8 h5 40. Rb3 Rdxd6 41. Rhb8 Rd2+ 42. Kf3 Rcc2 43. e4+ Kg5 44. R3b6 Rc3# 0-1

[Event "Caioba op 7th"]
[Site "Caioba"]
[Date "2023.06.22"]
[Round "6"]
[White "Luz, Jhonatan Rodrigues"]
[Black "Senger, Maria Clara da Silv"]
[Result "1-0"]
[WhiteElo "1775"]
[BlackElo "1461"]
[PlyCount "49"]
[EventDate "2023.06.18"]
[EventType "swiss"]
[EventRounds "9"]
[EventCountry "BRA"]
[SourceTitle "CBM 214 Extra"]
[Source "ChessBase"]
[SourceDate "2023.07.31"]
[SourceVersion "1"]
[SourceVersionDate "2023.07.31"]
[SourceQuality "1"]

1. e4 e5 2. Nf3 Nc6 3. d4 exd4 4. Nxd4 Qf6 5. Nxc6 Bc5 6. Qd2 dxc6 7. Bd3 Be6 8. 0-0 Rd8 9. Qe2 Ne7 10. Nc3 Ng6 11. Kh1 Ne5 12. f4 Nxd3 13. cxd3 Qd4 14. f5 Bc8 15. Bg5 f6 16. Qh5+ Kf8 17. Bf4 Bd6 18. Bxd6+ cxd6 19. Ne2 Qxd3 20. Nf4 Qxe4 21. Ng6+ Kg8 22. Nxh8 Qe7 23. Rae1 Qf8 24. Ng6 hxg6 25. fxg6 1-0

[Event "Florianopolis op 9th"]
[Site "Florianopolis"]
[Date "2023.01.26"]
[Round "5"]
[White "Senger, Maria Clara da Silv"]
[Black "Bastos, Guilherme Exterhott"]
[Result "0-1"]
[WhiteElo "1604"]
[BlackElo "1902"]
[PlyCount "114"]
[EventDate "2023.01.23"]
[EventType "swiss"]
[EventRounds "10"]
[EventCountry "BRA"]
[SourceTitle "CBM 212 Extra"]
[Source "ChessBase"]
[SourceDate "2023.03.31"]
[SourceVersion "1"]
[SourceVersionDate "2023.03.31"]
[SourceQuality "1"]

1. e4 Nf6 2. e5 Nd5 3. d4 d6 4. Nf3 Nd7 5. c4 N5b6 6. exd6 exd6 7. Bd3 Be7 8. 0-0 0-0 9. Nc3 Nf6 10. h3 d5 11. c5 Nbd7 12. Bf4 c6 13. Re1 Re8 14. Qc2 b6 15. b4 a5 16. a3 Ba6 17. Ne5 Bxd3 18. Qxd3 Nxe5 19. Bxe5 Nd7 20. Bg3 b5 21. Ra2 axb4 22. axb4 Rxa2 23. Nxa2 Bf6 24. f3 Rxe1+ 25. Bxe1 Qa8 26. Nc3 Qa1 27. Kf1 Nf8 28. Ke2 Ne6 29. Kf1 Bxd4 30. Ne2 Bf6 31. Qe3 Qb1 32. Qa3 Qa1 33. Qe3 g6 34. g3 Kg7 35. Kf2 Qb2 36. Bd2 Nd4 37. Qh6+ Kg8 38. Qf4 Nxe2 39. Kxe2 Bc3 40. h4 Qxd2+ 41. Qxd2 Bxd2 42. Kxd2 Kg7 43. Ke3 Kf6 44. Kf4 h6 45. Ke3 Ke5 46. Kd3 h5 47. Ke3 d4+ 48. Kd2 Kd5 49. Kd3 f6 50. g4 Ke5 51. gxh5 gxh5 52. Kd2 Kf4 53. Ke2 Kg3 54. Kd3 Kxh4 55. Kxd4 Kg3 56. Ke3 h4 57. f4 h3 0-1

[Event "Florianopolis op 9th"]
[Site "Florianopolis"]
[Date "2023.01.23"]
[Round "1"]
[White "Senger, Maria Clara da Silv"]
[Black "Piasetski, Leon David"]
[Result "0-1"]
[WhiteElo "1604"]
[BlackElo "2210"]
[PlyCount "62"]
[EventDate "2023.01.23"]
[EventType "swiss"]
[EventRounds "10"]
[EventCountry "BRA"]
[SourceTitle "CBM 212 Extra"]
[Source "ChessBase"]
[SourceDate "2023.03.31"]
[SourceVersion "1"]
[SourceVersionDate "2023.03.31"]
[SourceQuality "1"]

1. e4 d6 2. d4 Nf6 3. Bd3 Nc6 4. c3 e5 5. d5 Ne7 6. Ne2 g6 7. 0-0 Bg7 8. f4 c6 9. c4 Ng4 10. Qe1 exf4 11. Nbc3 g5 12. h4 h6 13. g3 Ne5 14. Bc2 f3 15. Nd4 g4 16. Nf5 Bxf5 17. exf5 Qb6+ 18. Kh1 0-0-0 19. Rb1 Rhe8 20. b3 Kb8 21. Bf4 Ka8 22. Qd2 Qa5 23. b4 Qc7 24. Bb3 Nxf5 25. c5 Ng6 26. cxd6 Nxd6 27. Bxh6 Bxh6 28. Qxh6 Nf5 29. Qd2 Nxg3+ 30. Kg1 Ne2+ 31. Kh1 Qg3 0-1

[Event "Criciuma op"]
[Site "Criciuma"]
[Date "2023.01.19"]
[Round "9"]
[White "Mariano, Kaiki Pereira"]
[Black "Senger, Maria Clara da Silv"]
[Result "1-0"]
[WhiteElo "1639"]
[BlackElo "1604"]
[PlyCount "81"]
[EventDate "2023.01.13"]
[EventType "swiss"]
[EventRounds "9"]
[EventCountry "BRA"]
[SourceTitle "CBM 212 Extra"]
[Source "ChessBase"]
[SourceDate "2023.03.31"]
[SourceVersion "1"]
[SourceVersionDate "2023.03.31"]
[SourceQuality "1"]

1. c4 e6 2. Nf3 d5 3. d4 Nf6 4. g3 Be7 5. Bg2 0-0 6. 0-0 c6 7. Nbd2 Nbd7 8. Qc2 b6 9. e4 dxe4 10. Nxe4 Bb7 11. Rd1 Nxe4 12. Qxe4 Nf6 13. Qc2 Qc8 14. c5 Nd5 15. Ne5 Rd8 16. Bxd5 Rxd5 17. b4 Bf6 18. Bb2 Qc7 19. Nc4 Rd7 20. Qe4 Rad8 21. Rd2 Ba6 22. Ne3 g6 23. a4 Bg7 24. Rad1 Kf8 25. Qh4 Kg8 26. d5 exd5 27. Bxg7 Kxg7 28. Ng4 h5 29. Qf6+ Kh7 30. Ne5 Re7 31. Nxc6 Re6 32. Qxd8 Qxc6 33. b5 Bxb5 34. axb5 Qxb5 35. Qxd5 bxc5 36. Qd7 Qxd7 37. Rxd7 Kg7 38. Rxa7 Rc6 39. Rdd7 Rf6 40. Rac7 c4 41. Rxc4 1-0

[Event "Criciuma op"]
[Site "Criciuma"]
[Date "2023.01.16"]
[Round "5"]
[White "Volkmann, Andre Jordi"]
[Black "Senger, Maria Clara da Silv"]
[Result "1-0"]
[WhiteElo "2129"]
[BlackElo "1604"]
[PlyCount "77"]
[EventDate "2023.01.13"]
[EventType "swiss"]
[EventRounds "9"]
[EventCountry "BRA"]
[SourceTitle "CBM 212 Extra"]
[Source "ChessBase"]
[SourceDate "2023.03.31"]
[SourceVersion "1"]
[SourceVersionDate "2023.03.31"]
[SourceQuality "1"]

1. f4 c5 2. Nf3 Nc6 3. g3 g6 4. Bg2 Bg7 5. 0-0 Nf6 6. d3 0-0 7. e4 d6 8. Nc3 Rb8 9. Ne2 a6 10. c3 Bd7 11. h3 b5 12. g4 Qc8 13. Be3 a5 14. Ng3 c4 15. d4 Qc7 16. Qd2 b4 17. d5 Na7 18. g5 Ne8 19. Bd4 f6 20. f5 Nb5 21. h4 Nxd4 22. Nxd4 Qb6 23. h5 Nc7 24. Kh1 Nb5 25. fxg6 hxg6 26. h6 Bh8 27. Ndf5 gxf5 28. g6 Qd8 29. Nh5 Rf7 30. gxf7+ Kxf7 31. exf5 Qg8 32. Bh3 Qg5 33. Qe2 Qxh6 34. Rae1 Re8 35. Rg1 bxc3 36. Rg6 Qh7 37. Reg1 Nd4 38. Qe4 Qxh5 39. Qe6+ 1-0

[Event "Criciuma op"]
[Site "Criciuma"]
[Date "2023.01.13"]
[Round "1"]
[White "Senger, Maria Clara da Silv"]
[Black "Quintiliano Pinto, Renato Rodrigues"]
[Result "0-1"]
[WhiteElo "1604"]
[BlackElo "2518"]
[PlyCount "74"]
[EventDate "2023.01.13"]
[EventType "swiss"]
[EventRounds "9"]
[EventCountry "BRA"]
[SourceTitle "CBM 212 Extra"]
[Source "ChessBase"]
[SourceDate "2023.03.31"]
[SourceVersion "1"]
[SourceVersionDate "2023.03.31"]
[SourceQuality "1"]

1. e4 c5 2. Nf3 d6 3. d4 cxd4 4. Nxd4 Nf6 5. Nc3 a6 6. Be2 e5 7. Nb3 Be7 8. Bf3 0-0 9. 0-0 b5 10. a4 b4 11. Nd5 a5 12. Re1 Nbd7 13. Be3 Bb7 14. Nxe7+ Qxe7 15. Bg5 h6 16. Bxf6 Nxf6 17. Nd2 Qc7 18. b3 Rad8 19. Rc1 Rfe8 20. Qe2 d5 21. exd5 e4 22. Bg4 Rxd5 23. Bh3 Rc5 24. Qd1 Rd8 25. Qe2 Rxc2 26. Rxc2 Qxc2 27. Nf1 Qxe2 28. Rxe2 Rd1 29. g3 Bd5 30. Re3 Rb1 31. Bg2 Bxb3 32. h4 Bc4 33. g4 g5 34. hxg5 hxg5 35. Rh3 Nxg4 36. Rg3 f5 37. Rh3 Kg7 0-1

[Event "Florianopolis Winter op 6th"]
[Site "Florianopolis"]
[Date "2022.07.16"]
[Round "8"]
[White "Lahoz, Cassiano Ricardo Ne"]
[Black "Senger, Maria Clara da Silv"]
[Result "1/2-1/2"]
[WhiteElo "1760"]
[BlackElo "1466"]
[PlyCount "87"]
[EventDate "2022.07.13"]
[EventType "swiss"]
[EventRounds "9"]
[EventCountry "BRA"]
[SourceTitle "CBM 209 Extra"]
[Source "ChessBase"]
[SourceDate "2022.09.30"]
[SourceVersion "1"]
[SourceVersionDate "2022.09.30"]
[SourceQuality "1"]

1. e4 e5 2. Nf3 Nc6 3. Bb5 a6 4. Ba4 Nf6 5. d3 b5 6. Bb3 Be7 7. c3 d6 8. h3 Na5 9. Bc2 c5 10. 0-0 0-0 11. Bg5 Bd7 12. Nbd2 Rc8 13. Re1 Qc7 14. Rc1 Nb7 15. d4 Rfd8 16. d5 Re8 17. c4 b4 18. Nf1 Qd8 19. Ng3 g6 20. Bh6 Bf8 21. Qd2 Bg7 22. Bxg7 Kxg7 23. h4 h5 24. Qg5 Bg4 25. Nh2 Nh7 26. Qxd8 Nxd8 27. Nxg4 hxg4 28. h5 Nf6 29. hxg6 fxg6 30. Kf1 Nf7 31. Ke2 Rh8 32. Rh1 Nh5 33. Nxh5+ gxh5 34. g3 Ng5 35. Ke3 Nf3 36. Bd1 Nd4 37. Rh2 Rcf8 38. Be2 Kg6 39. Rch1 Kg5 40. Rf1 Nc2+ 41. Kd2 Nd4 42. Ke3 Nc2+ 43. Kd2 Nd4 44. Ke3 1/2-1/2

[Event "Florianopolis Winter op 6th"]
[Site "Florianopolis"]
[Date "2022.07.16"]
[Round "7"]
[White "Senger, Maria Clara da Silv"]
[Black "Cezar, Ricardo de Almeida"]
[Result "0-1"]
[WhiteElo "1466"]
[BlackElo "1781"]
[PlyCount "106"]
[EventDate "2022.07.13"]
[EventType "swiss"]
[EventRounds "9"]
[EventCountry "BRA"]
[SourceTitle "CBM 209 Extra"]
[Source "ChessBase"]
[SourceDate "2022.09.30"]
[SourceVersion "1"]
[SourceVersionDate "2022.09.30"]
[SourceQuality "1"]

1. e4 c6 2. d4 d5 3. exd5 cxd5 4. Nf3 Nf6 5. Bd3 Bg4 6. 0-0 e6 7. c3 Bd6 8. Nbd2 0-0 9. Re1 Qc7 10. h3 Bh5 11. Qc2 Bg6 12. Nf1 Nc6 13. Bxg6 hxg6 14. Qe2 Rab8 15. Bg5 b5 16. Rac1 Ne4 17. Bh4 Qa5 18. Ra1 Rfc8 19. N3d2 Nxd2 20. Qxd2 b4 21. Bg3 bxc3 22. bxc3 Bxg3 23. Nxg3 a6 24. Reb1 Na7 25. Ne2 Nb5 26. Rc1 Rc4 27. Rc2 Rbc8 28. Rac1 Ra4 29. g4 Na3 30. h4 Nxc2 31. Rxc2 Qd8 32. h5 Qh4 33. Qf4 gxh5 34. f3 hxg4 35. fxg4 e5 36. Qf5 Rc6 37. Rb2 Rg6 38. Kf1 Qxg4 39. Qxg4 Rxg4 40. dxe5 Rae4 41. Nd4 Rxd4 42. cxd4 Rxd4 43. Rb6 Ra4 44. Rb2 d4 45. Ke2 Ra5 46. Kd3 Rxe5 47. Kxd4 f6 48. Rb6 Ra5 49. Rb2 g5 50. Ke4 Kf7 51. Kf3 Kg6 52. Kg4 Ra3 53. Rb6 Rxa2 0-1

[Event "Florianopolis Autumn op U2300"]
[Site "Florianopolis"]
[Date "2022.05.15"]
[Round "6"]
[White "Dias, Joao Batista de Sou"]
[Black "Senger, Maria Clara da Silv"]
[Result "1-0"]
[WhiteElo "1838"]
[BlackElo "1322"]
[PlyCount "53"]
[EventDate "2022.05.13"]
[EventType "swiss"]
[EventRounds "6"]
[EventCountry "BRA"]
[SourceTitle "CBM 208 Extra"]
[Source "ChessBase"]
[SourceDate "2022.07.31"]
[SourceVersion "1"]
[SourceVersionDate "2022.07.31"]
[SourceQuality "1"]

1. g3 d5 2. Bg2 e6 3. c4 Nf6 4. d3 Be7 5. Nf3 0-0 6. b3 c6 7. Bb2 b6 8. 0-0 Bb7 9. Nbd2 Nbd7 10. Qc2 Rc8 11. Rad1 Re8 12. Rfe1 h6 13. e4 dxe4 14. dxe4 Qc7 15. e5 Nh7 16. Ne4 Red8 17. Nd6 Bxd6 18. exd6 Qb8 19. Qc3 Nhf6 20. g4 Ne8 21. g5 hxg5 22. Nxg5 Ndf6 23. d7 Rc7 24. dxe8Q+ Rxe8 25. Qh3 Kf8 26. Be5 Qc8 27. Qh8+ 1-0

[Event "Florianopolis op 09"]
[Site "Florianopolis"]
[Date "2021.09.25"]
[Round "2"]
[White "Martins de Aguiar, Marina"]
[Black "Senger, Maria Clara da Silv"]
[Result "1-0"]
[WhiteElo "1719"]
[BlackElo "1228"]
[PlyCount "79"]
[EventDate "2021.09.24"]
[EventType "swiss"]
[EventRounds "6"]
[EventCountry "BRA"]
[SourceTitle "EXT 2023"]
[Source "ChessBase"]
[SourceDate "2022.10.05"]
[SourceVersion "1"]
[SourceVersionDate "2022.10.05"]
[SourceQuality "1"]

1. e4 e5 2. Bc4 Nf6 3. d3 Nc6 4. Nc3 Bc5 5. f4 d6 6. f5 h6 7. Na4 Bb6 8. Nxb6 axb6 9. Nf3 Na5 10. Bb3 Nxb3 11. cxb3 Qe7 12. 0-0 0-0 13. Qe1 c6 14. Qg3 Kh7 15. Qh4 Bd7 16. g4 Ng8 17. g5 Rae8 18. Rf2 d5 19. Be3 dxe4 20. dxe4 c5 21. Bd2 g6 22. f6 Qe6 23. Bc3 Qg4+ 24. Qxg4 Bxg4 25. Nxe5 Bc8 26. h4 Re6 27. Rf4 b5 28. a3 b6 29. Raf1 Bb7 30. Rd1 Ba8 31. Kf2 Rfe8 32. Nxf7 Rxe4 33. Rxe4 Rxe4 34. Nd6 Rxh4 35. Nc8 Rf4+ 36. Kg3 hxg5 37. Rd7+ Kh6 38. f7 Ne7 39. Rxe7 b4 40. f8Q+ 1-0

[Event "Pan American-ch Hybrid U16 Girls 31st"]
[Site "Tornelo INT"]
[Date "2021.09.04"]
[Round "4"]
[White "Barahona, Dalila Yamileth"]
[Black "Senger, Maria Clara da Silv"]
[Result "0-1"]
[WhiteElo "1802"]
[BlackElo "1228"]
[PlyCount "96"]
[EventDate "2021.09.04"]
[EventType "swiss"]
[EventRounds "9"]
[EventCountry "NET"]
[SourceTitle "EXT 2023"]
[Source "ChessBase"]
[SourceDate "2022.10.05"]
[SourceVersion "1"]
[SourceVersionDate "2022.10.05"]
[SourceQuality "1"]

1. c4 e6 2. g3 d5 3. Bg2 Nf6 4. Nf3 Be7 5. 0-0 0-0 6. d4 c6 7. Nc3 dxc4 8. Ne5 Nbd7 9. Nxc4 c5 10. Bf4 cxd4 11. Nb5 Nd5 12. Bxd5 exd5 13. Bc7 Qe8 14. Ncd6 Bxd6 15. Bxd6 Nf6 16. a4 Bh3 17. Qxd4 Qxe2 18. Qd1 Bxf1 19. Qxf1 Qxf1+ 20. Kxf1 Rfd8 21. Be7 Rd7 22. Bb4 a6 23. Nd4 Ng4 24. h3 Ne5 25. Rd1 Nc6 26. Bc3 Nxd4 27. Rxd4 f6 28. Ke2 Kf7 29. Kf3 b5 30. h4 Rc8 31. axb5 axb5 32. Rb4 Rb8 33. g4 Ke6 34. Kf4 Rc7 35. Ke3 Rc4 36. f4 Rxb4 37. Bxb4 g6 38. Kd4 Rc8 39. b3 f5 40. g5 Rc1 41. Ba5 Rf1 42. Bc7 Rf3 43. b4 Rf1 44. Be5 Rc1 45. Kd3 Rc4 46. Bc3 Rxf4 47. Be1 Re4 48. Bf2 Rxb4 0-1

[Event "Rio de Janeiro Duchamp op 3rd"]
[Site "Rio de Janeiro"]
[Date "2019.12.07"]
[Round "1"]
[White "Senger, Maria Clara da Silv"]
[Black "Lopes, Artur Farias"]
[Result "1/2-1/2"]
[WhiteElo "1192"]
[BlackElo "1995"]
[PlyCount "137"]
[EventDate "2019.12.07"]
[EventType "swiss"]
[EventRounds "9"]
[EventCountry "BRA"]
[SourceTitle "EXT 2021"]
[Source "ChessBase"]
[SourceDate "2020.10.23"]
[SourceVersion "1"]
[SourceVersionDate "2020.10.23"]
[SourceQuality "1"]

1. e4 c6 2. d4 d5 3. Nc3 dxe4 4. Nxe4 Nf6 5. Nxf6+ gxf6 6. Nf3 Bg4 7. Be3 Qc7 8. Be2 Nd7 9. Qd2 0-0-0 10. h3 Bf5 11. 0-0-0 h6 12. a3 h5 13. Qc3 Nb6 14. Rd2 Nd5 15. Qb3 Nxe3 16. fxe3 Bh6 17. Re1 Rhg8 18. Bd3 Bxd3 19. Qxd3 Kb8 20. Kb1 f5 21. Qb3 Rg3 22. Ree2 Rdg8 23. Ne5 f4 24. Nc4 Ka8 25. a4 f3 26. gxf3 Rxh3 27. Ne5 Rg1+ 28. Ka2 a5 29. Rh2 Rxh2 30. Rxh2 Rg5 31. Rh3 Bg7 32. f4 Rf5 33. Qc4 Bxe5 34. dxe5 Qd7 35. Qc5 Qd8 36. Qc4 h4 37. Qd3 Qh8 38. Qc3 Kb8 39. Qxa5 Rh5 40. Qb6 Qc8 41. a5 f6 42. a6 fxe5 43. axb7 Qc7 44. Qxc7+ Kxc7 45. b8Q+ Kxb8 46. fxe5 Kc7 47. Kb3 Rxe5 48. Rxh4 Rxe3+ 49. Kc4 Re2 50. Kd3 Rg2 51. Rd4 e5 52. Re4 Kd6 53. b4 Rg3+ 54. Kc4 Rf3 55. c3 Rf1 56. Kd3 Rd1+ 57. Kc4 Ke6 58. Kc5 Kf5 59. Re2 Rc1 60. c4 e4 61. b5 cxb5 62. Kxb5 Rb1+ 63. Kc6 Ke5 64. c5 Rh1 65. Kb7 Rb1+ 66. Kc7 Rb4 67. Kd7 Rb1 68. Kc7 Rb4 69. Kd7 1/2-1/2

[Event "BRA-ch U14 Girls"]
[Site "Florianopolis"]
[Date "2018.05.01"]
[Round "6"]
[White "Senger, Maria Clara da Silv"]
[Black "Higuchi, Giulia Moser"]
[Result "1/2-1/2"]
[WhiteElo "1229"]
[BlackElo "1275"]
[PlyCount "86"]
[EventDate "2018.04.28"]
[EventType "swiss"]
[EventRounds "6"]
[EventCountry "BRA"]
[SourceTitle "EXT 2021"]
[Source "ChessBase"]
[SourceDate "2020.10.23"]
[SourceVersion "1"]
[SourceVersionDate "2020.10.23"]
[SourceQuality "1"]

1. e4 e5 2. Nf3 Nc6 3. Nc3 Nf6 4. Bc4 Nxe4 5. Nxe4 d5 6. Bxd5 Qxd5 7. d3 Bf5 8. Nc3 Bb4 9. Bd2 Bxc3 10. Bxc3 Nd4 11. Nh4 Bh3 12. Rg1 Be6 13. Bxd4 Qxd4 14. Nf3 Qxb2 15. Rb1 Qc3+ 16. Qd2 Qc6 17. Nxe5 Qd5 18. Nc4 0-0 19. Rb2 Rfe8 20. Ne3 Qe5 21. Rxb7 Qxh2 22. Rf1 Bd5 23. Rb1 Bxg2 24. Qe2 Bxf1 25. Qxf1 f5 26. Kd1 Qh5+ 27. Kd2 Qg5 28. f4 Qg3 29. Nxf5 Qh2+ 30. Kc3 Re2 31. Rb2 Rae8 32. Qf3 g6 33. Qd5+ R2e6 34. Nd4 Qh3 35. Nxe6 Qxe6 36. Qd4 Qe1+ 37. Kc4 Qe6+ 38. Kc3 Qc6+ 39. Kd2 Qg2+ 40. Kc3 Qc6+ 41. Kd2 Qg2+ 42. Kc3 Qc6+ 43. Kd2 Qg2+ 1/2-1/2

[Event "BRA-ch U14 Girls"]
[Site "Florianopolis"]
[Date "2018.04.30"]
[Round "5"]
[White "Senger, Maria Clara da Silv"]
[Black "Pereira, Livia de Morais"]
[Result "1-0"]
[WhiteElo "1229"]
[BlackElo "1693"]
[PlyCount "69"]
[EventDate "2018.04.28"]
[EventType "swiss"]
[EventRounds "6"]
[EventCountry "BRA"]
[SourceTitle "EXT 2021"]
[Source "ChessBase"]
[SourceDate "2020.10.23"]
[SourceVersion "1"]
[SourceVersionDate "2020.10.23"]
[SourceQuality "1"]

1. e4 e6 2. Nf3 d5 3. exd5 exd5 4. d4 Nf6 5. Nc3 Bd6 6. Be2 0-0 7. 0-0 Nc6 8. Be3 Qd7 9. a3 Qf5 10. Nh4 Qe6 11. Qd2 Bd7 12. Nf3 Rfe8 13. Bd3 Ng4 14. Bf4 Bxf4 15. Qxf4 Nf6 16. Rfe1 Qg4 17. Qd2 Nxd4 18. Nxd4 Qxd4 19. Bxh7+ Nxh7 20. Qxd4 c6 21. Rxe8+ Rxe8 22. Qd2 Nf6 23. Re1 Rd8 24. Ne2 b6 25. Ng3 c5 26. c3 a5 27. h3 b5 28. Rd1 b4 29. axb4 cxb4 30. cxb4 a4 31. Ra1 Bc6 32. Rc1 Bd7 33. Qd1 Rb8 34. Qd4 Rd8 35. f3 1-0

[Event "BRA-ch U14 Girls"]
[Site "Florianopolis"]
[Date "2018.04.28"]
[Round "1"]
[White "Santana Freitas, Maria Eduarda"]
[Black "Senger, Maria Clara da Silv"]
[Result "1-0"]
[WhiteElo "1458"]
[BlackElo "1229"]
[PlyCount "91"]
[EventDate "2018.04.28"]
[EventType "swiss"]
[EventRounds "6"]
[EventCountry "BRA"]
[SourceTitle "EXT 2021"]
[Source "ChessBase"]
[SourceDate "2020.10.23"]
[SourceVersion "1"]
[SourceVersionDate "2020.10.23"]
[SourceQuality "1"]

1. e4 e5 2. Nf3 Nc6 3. Bc4 Bc5 4. c3 d6 5. h3 Nf6 6. d3 h6 7. Bb3 0-0 8. 0-0 a6 9. Bc2 Bd7 10. d4 exd4 11. cxd4 Bb6 12. Nc3 Re8 13. a3 Re7 14. Re1 Qe8 15. Bf4 Rd8 16. Qd3 Bc8 17. Qd2 Qd7 18. Qd3 Nh5 19. Bd2 g6 20. Bxh6 Rde8 21. Nd5 Re6 22. Nxb6 cxb6 23. Qc3 d5 24. exd5 Rxe1+ 25. Rxe1 Ne7 26. Ne5 Qd6 27. Nc4 Qxd5 28. Nxb6 Qd8 29. Ba4 Nc6 30. Rxe8+ Qxe8 31. d5 Qe4 32. dxc6 Qb1+ 33. Kh2 Qf5 34. Be3 Qe6 35. Nxc8 Qxc8 36. c7 Ng7 37. Bd7 Qxd7 38. c8Q+ Qxc8 39. Qxc8+ Kh7 40. Qxb7 Kg8 41. Bh6 Nf5 42. Bf4 Kf8 43. g4 Ng7 44. Bh6 Kg8 45. Bxg7 Kxg7 46. Qxa6 1-0